[Event "MCR_KT13"]
[Site "?"]
[Date "2005.??.??"]
[Round "?"]
[White "Latal, Frantisek"]
[Black "Ptacek, Jiri"]
[Result "1/2-1/2"]
[WhiteElo "2071"]
[BlackElo "1699"]
[PlyCount "82"]
[EventDate "2005.??.??"]
[EventType "corr"]
[EventRounds "2"]
[SourceDate "2006.01.09"]

1. Nf3 Nf6 2. d4 d5 3. e3 e6 4. c4 Bb4+ 5. Bd2 Bxd2+ 6. Nbxd2 O-O 7. Bd3 dxc4
8. Nxc4 b6 9. O-O Ba6 10. Rc1 Bxc4 11. Rxc4 Nbd7 12. Rc6 Nb8 13. Rc1 Nbd7 14.
b4 a5 15. b5 Rc8 16. Qd2 Qe7 17. Rc2 e5 18. Bf5 exd4 19. Nxd4 g6 20. Nc6 Qe8
21. Bxd7 Nxd7 22. Qd4 Nb8 23. Na7 Rd8 24. Qf4 Qe6 25. a4 Qd6 26. Qxd6 cxd6 27.
Rd1 Rfe8 28. Nc6 Rd7 29. Rcd2 Nxc6 30. bxc6 Rc7 31. Kf1 Rec8 32. Ke2 Rxc6 33.
Rxd6 Rc2+ 34. R1d2 R2c6 35. Rd7 Rc2 36. g4 R2c4 37. R2d4 Rc2+ 38. Kf3 R2c7 39.
R7d5 Rc5 40. e4 Rc3+ 41. Kg2 Kg7 1/2-1/2